| 000 | 00466nam a2200169 u 4500 | ||
|---|---|---|---|
| 005 | 20240506162054.0 | ||
| 008 | 070905s1976 r 000 0 eng d | ||
| 035 | _aUPN01000151678 | ||
| 049 | _aCG | ||
| 050 | 4 |
_aHX523 _bL4.2 |
|
| 100 | 1 |
_aLenin, Vladimir Ilich, _d1870-1924 |
|
| 245 | 1 | 3 |
_aLa cultura y la revolución cultural / _cV. I. Lenin. |
| 260 |
_aMoscú : _bProgreso, _c1976. |
||
| 300 | _a287 p. | ||
| 650 | 0 |
_aComunismo y cultura _98183 |
|
| 905 | _aLibro | ||
| 999 |
_c123814 _d123814 |
||